<?xml version="1.0" encoding="UTF-8"?>
<record
    xmlns:xsi="http://www.w3.org/2001/XMLSchema-instance"
    xsi:schemaLocation="http://www.loc.gov/MARC21/slim http://www.loc.gov/standards/marcxml/schema/MARC21slim.xsd"
    xmlns="http://www.loc.gov/MARC21/slim">

  <leader>04556nam a2200493 a 4500</leader>
  <controlfield tag="003">CHAP</controlfield>
  <controlfield tag="005">20241017094039.0</controlfield>
  <controlfield tag="007">cr ||||||a|c|a</controlfield>
  <controlfield tag="008">101214s2010    mx      r     00010 spa d</controlfield>
  <datafield tag="035" ind1=" " ind2=" ">
    <subfield code="a">111809</subfield>
  </datafield>
  <datafield tag="040" ind1=" " ind2=" ">
    <subfield code="c">CHAP</subfield>
  </datafield>
  <datafield tag="090" ind1=" " ind2=" ">
    <subfield code="a">Tesis</subfield>
  </datafield>
  <datafield tag="100" ind1="1" ind2=" ">
    <subfield code="a">Arellano Espejel, Yolanda</subfield>
    <subfield code="9">6903</subfield>
  </datafield>
  <datafield tag="245" ind1="1" ind2="0">
    <subfield code="a">Comparaci&#xF3;n de la calidad de trigo harinero (Triticum aestivum L.) y cristalino (Triticum durum Desf.) producido comercialmente bajo condiciones de riego y temporal en M&#xE9;xico</subfield>
    <subfield code="c">/por Yolanda Arellano Espejel; director de tesis Patricia P&#xE9;rez Herrera.</subfield>
  </datafield>
  <datafield tag="264" ind1=" " ind2="1">
    <subfield code="a">Chapingo, M&#xE9;x. :</subfield>
    <subfield code="b">El autor,</subfield>
    <subfield code="c">2010.</subfield>
  </datafield>
  <datafield tag="300" ind1=" " ind2=" ">
    <subfield code="a">1 recurso en l&#xED;nea (100 p&#xE1;ginas):</subfield>
    <subfield code="b">figuras, cuadros.</subfield>
  </datafield>
  <datafield tag="336" ind1=" " ind2=" ">
    <subfield code="2">rdacontent</subfield>
    <subfield code="a">texto </subfield>
    <subfield code="b">txt</subfield>
  </datafield>
  <datafield tag="337" ind1=" " ind2=" ">
    <subfield code="2">rdamedia</subfield>
    <subfield code="a">computadora</subfield>
    <subfield code="b">c</subfield>
  </datafield>
  <datafield tag="338" ind1=" " ind2=" ">
    <subfield code="2">rdacarrier</subfield>
    <subfield code="a">recursos en l&#xED;nea</subfield>
    <subfield code="b">cr</subfield>
  </datafield>
  <datafield tag="502" ind1=" " ind2=" ">
    <subfield code="b">IA</subfield>
    <subfield code="c">Agroindustrias</subfield>
    <subfield code="d">2010.</subfield>
    <subfield code="g">LIC</subfield>
  </datafield>
  <datafield tag="520" ind1=" " ind2=" ">
    <subfield code="a">La calidad del trigo depende de diferentes criterios, en funci&#xF3;n del uso final del mismo, es por ello que esta investigaci&#xF3;n se enfoc&#xF3; a la determinaci&#xF3;n de la calidad en grano, harina y s&#xE9;mola para el trigo harinero y cristalino producido en las diferentes zonas productoras del pa&#xED;s, bajo sistemas de riego y temporal en los ciclos de producci&#xF3;n Oto&#xF1;o-invierno 2005-2006/2006-2007 y primavera-verano 2006. Se realiz&#xF3; un muestreo representativo de los principales estados productores de trigo en M&#xE9;xico bajo la metodolog&#xED;a recomendada por el Servicio de Informaci&#xF3;n Alimentaria y Pesquera (SIAP). Se analizaron las caracter&#xED;sticas f&#xED;sico-qu&#xED;micas del grano de trigo harinero y cristalino (peso hectol&#xED;trico, humedad, dureza, contenido de prote&#xED;na y, vitreosidad y contenido de cenizas en trigo cristalino), harina integral (N&#xFA;mero de ca&#xED;da o Falling Number), harina refinada de trigos harineros (prueba alveogr&#xE1;fica y farinogr&#xE1;fica) y s&#xE9;mola de trigos cristalinos (&#x201E;b&#x201F;, en el sistema cromam&#xE9;trico L.a.b.). En el ciclo Oto&#xF1;o-invierno, en la zona Noroeste se cultiv&#xF3; preferentemente trigo harinero de gluten Fuerte y Medio-Fuerte; destacando las variedades Avelino F2004, Tacupeto F2001 y Cachanilla F2000; dentro de las que se encuentran variedades de m&#xE1;s reciente liberaci&#xF3;n con calidad homog&#xE9;nea. En cambio, en el Baj&#xED;o el trigo predominantemente fue de gluten D&#xE9;bil; destacando las variedades Cortazar S94 y Salamanca S75, que presentaron los mejores par&#xE1;metros de calidad. Esta informaci&#xF3;n corrobora la importancia de la producci&#xF3;n de trigos de gluten D&#xE9;bil en el Baj&#xED;o bajo condiciones de riego, pues son empleados como mejoradores de trigos de gluten Fuerte y Tenaz. En el ciclo Primavera-verano, la producci&#xF3;n de trigo en el Baj&#xED;o y los Valles Altos de la Altiplanicie Mexicana fue mayoritariamente de trigo de gluten Medio-Fuerte; las variedades Salamanca S75 y Pav&#xF3;n F76 y Temporalera M87, a pesar de liberadas hace m&#xE1;s de 20 a&#xF1;os, contin&#xFA;an utiliz&#xE1;ndose probablemente como resultado de su alta productividad, cuestiones de uso y costumbres de la regi&#xF3;n, as&#xED; como por conservar su calidad bajo estas condiciones de producci&#xF3;n. El trigo cristalino present&#xF3; uniformidad en la calidad de la cosecha y las variedades que presentaron mejores caracter&#xED;sticas para el Noroeste fueron Aconchi C89, Atil C2000, Orita, Primavera C2007, Rafi C97 y Rio Colorado C2003; y en el Baj&#xED;o, la variedad Aconchi C89. Estos resultados indican que algunas variedades de m&#xE1;s reciente liberaci&#xF3;n presentan una calidad potencial igual a las de variedades m&#xE1;s antiguas, condici&#xF3;n que puede ser aprovechada para incrementar su producci&#xF3;n en estas zonas.</subfield>
  </datafield>
  <datafield tag="590" ind1=" " ind2=" ">
    <subfield code="a">ALEPH</subfield>
    <subfield code="b">10</subfield>
    <subfield code="c">20130110</subfield>
  </datafield>
  <datafield tag="590" ind1=" " ind2=" ">
    <subfield code="a">BATCH-UPD</subfield>
    <subfield code="b">10</subfield>
    <subfield code="c">20130110</subfield>
  </datafield>
  <datafield tag="590" ind1=" " ind2=" ">
    <subfield code="a">BATCH-UPD</subfield>
    <subfield code="b">10</subfield>
    <subfield code="c">20130410</subfield>
  </datafield>
  <datafield tag="590" ind1=" " ind2=" ">
    <subfield code="a">BATCH-UPD</subfield>
    <subfield code="b">10</subfield>
    <subfield code="c">20130914</subfield>
  </datafield>
  <datafield tag="590" ind1=" " ind2=" ">
    <subfield code="a">BATCH-UPD</subfield>
    <subfield code="b">10</subfield>
    <subfield code="c">20140324</subfield>
  </datafield>
  <datafield tag="590" ind1=" " ind2=" ">
    <subfield code="a">BATCH-UPD</subfield>
    <subfield code="b">10</subfield>
    <subfield code="c">20141002</subfield>
  </datafield>
  <datafield tag="590" ind1=" " ind2=" ">
    <subfield code="a">BATCH</subfield>
    <subfield code="b">00</subfield>
    <subfield code="c">20181121</subfield>
  </datafield>
  <datafield tag="590" ind1=" " ind2=" ">
    <subfield code="a">CONVERSION</subfield>
    <subfield code="b">10</subfield>
    <subfield code="c">20130109</subfield>
  </datafield>
  <datafield tag="650" ind1="0" ind2="4">
    <subfield code="a">Harina.</subfield>
    <subfield code="9">52679</subfield>
  </datafield>
  <datafield tag="650" ind1="0" ind2="4">
    <subfield code="a">Trigo</subfield>
    <subfield code="x">Calidad.</subfield>
    <subfield code="9">114989</subfield>
  </datafield>
  <datafield tag="650" ind1="0" ind2="4">
    <subfield code="a">Trigo</subfield>
    <subfield code="x">Irrigaci&#xF3;n.</subfield>
    <subfield code="9">115050</subfield>
  </datafield>
  <datafield tag="650" ind1="0" ind2="4">
    <subfield code="a">Trigo</subfield>
    <subfield code="x">Producci&#xF3;n.</subfield>
    <subfield code="9">115082</subfield>
  </datafield>
  <datafield tag="650" ind1="0" ind2="4">
    <subfield code="a">Trigo</subfield>
    <subfield code="x">Recolecci&#xF3;n.</subfield>
    <subfield code="9">115090</subfield>
  </datafield>
  <datafield tag="650" ind1="0" ind2="4">
    <subfield code="a">Trigo</subfield>
    <subfield code="x">Subproductos.</subfield>
    <subfield code="9">115105</subfield>
  </datafield>
  <datafield tag="700" ind1="1" ind2=" ">
    <subfield code="a">P&#xE9;rez Herrera, Patricia</subfield>
    <subfield code="9">149075</subfield>
    <subfield code="e">Director de tesis.</subfield>
  </datafield>
  <datafield tag="856" ind1=" " ind2=" ">
    <subfield code="u">http://10.13.5.2/tesis/111809.pdf</subfield>
    <subfield code="z">DESCARGAR PDF</subfield>
  </datafield>
  <datafield tag="901" ind1=" " ind2=" ">
    <subfield code="a">BK</subfield>
  </datafield>
  <datafield tag="942" ind1=" " ind2=" ">
    <subfield code="c">TD</subfield>
    <subfield code="2">Clasificaci&#xF3;n Universidad Aut&#xF3;noma Chapingo</subfield>
  </datafield>
  <datafield tag="949" ind1=" " ind2=" ">
    <subfield code="b">BC</subfield>
    <subfield code="c">TES</subfield>
    <subfield code="d">33724002227538</subfield>
    <subfield code="e">TS2</subfield>
    <subfield code="f">c.2</subfield>
    <subfield code="g">Donaci&#xD8;n</subfield>
    <subfield code="h">51708</subfield>
    <subfield code="i">111809</subfield>
    <subfield code="s">b</subfield>
  </datafield>
  <datafield tag="949" ind1=" " ind2=" ">
    <subfield code="b">BC</subfield>
    <subfield code="c">TES</subfield>
    <subfield code="d">33724002227579</subfield>
    <subfield code="e">TS1</subfield>
    <subfield code="g">Donaci&#xD8;n</subfield>
    <subfield code="h">51707</subfield>
    <subfield code="i">111809</subfield>
    <subfield code="s">b</subfield>
  </datafield>
  <datafield tag="999" ind1=" " ind2=" ">
    <subfield code="c">100151</subfield>
    <subfield code="d">100151</subfield>
  </datafield>
  <datafield tag="952" ind1=" " ind2=" ">
    <subfield code="0">0</subfield>
    <subfield code="1">0</subfield>
    <subfield code="2">local</subfield>
    <subfield code="4">0</subfield>
    <subfield code="5">1</subfield>
    <subfield code="7">0</subfield>
    <subfield code="8">TesDigL</subfield>
    <subfield code="a">BD</subfield>
    <subfield code="b">BD</subfield>
    <subfield code="c">E_L</subfield>
    <subfield code="d">2019-12-31</subfield>
    <subfield code="l">0</subfield>
    <subfield code="o">Tesis digital</subfield>
    <subfield code="r">2019-12-31 00:00:00</subfield>
    <subfield code="w">2019-12-31</subfield>
    <subfield code="y">TD</subfield>
  </datafield>
</record>
